New York Giants Head Coaches - Statistics

General Stats
  • This quiz has been taken 104 times
    82 since last reset
  • The average score is 6 of 21
Answer Stats
Hint Answer % Correct
2004-2015 Tom Coughlin
87%
2020- Joe Judge
76%
1983-1990 Bill Parcells
75%
2016-2017 Ben McAdoo
65%
2018-2019 Pat Shurmur
51%
1997-2003 Jim Fassel
29%
!993-1996 Dan Reeves
24%
1979-1982 Ray Perkins
22%
2017 Steve Spagnuolo
22%
1991-1992 Ray Handley
21%
1931-1953 Steve Owen
21%
1961-1968 Allie Sherman
17%
1974-1976 Bill Arnsparger
13%
1954-1960 Jim Lee Howell
13%
1969-1973 Alex Webster
11%
1976-1978 John McVay
10%
1929-1930 LeRoy Andrews
8%
1930 Benny Friedman
6%
1925 Bob Folwell
6%
1926 Doc Alexander
6%
1927-1928 Earl Potteiger
6%
No matching quizzes found
Score Distribution
Percent of People with Each Score
Percentile by Number Answered
Your Score History
You have not taken this quiz since the last reset